El tesoro del molino viejo / (Registro nro. 8431)

Detalles MARC
000 -LIDER
fixed length control field 01023nam a22003497a 4500
001 - NÚMERO DE CONTROL
Identificador de número de control 052
003 - IDENTIFICACDOR DE NÚMERO DE CONTROL
control field DO-SdBNP
005 - DATE AND TIME OF LATEST TRANSACTION
control field 20180219151844.0
007 - CAMPOS FIJOS DE DESCRIPCIÓN FÍSICA
fixed length control field 052
008 - ELEMENTOS DE LONGITUD FIJA
fixed length control field 151005b1992 sp a 00| 0 spa d
020 ## - ISBN
International Standard Book Number 8434810050
040 ## - FUENTE DE CATALOGACIÓN
Agencia que crea de manera original el registro BPMSU
Idioma de catalogación spa
Agencia que realiza la transcripción BPMSU
092 ## - LOCALLY ASSIGNED DEWEY DECIMAL CALL NUMBER
Número de clasificación XXXX
Número de ítem (Cutter) XXXX
100 1# - ASIENTO PRINCIPAL -- NOMBRE PERSONAL
Nombre personal Valencak, Hannelore
240 10 - TITULO UNIFORME
Título uniforme Regenzauber /
Fecha de una obra 1982
245 10 - MENCIÓN DE TITULO
Título El tesoro del molino viejo /
Mención de responsabilidad Hannelore Valencak ; ilustración A. Tello ; traducción Manuel Olasagasti ; colección dirigida por Marinella Terzi
250 ## - MENCIÓN DE EDICION
Mención de edición 14a. ed.
260 ## - PUBLICACIÓN, DISTRIBUCIÓN, ETC. (PIE DE IMPRENTA)
Lugar de publicación, distribución, etc Madrid :
Nombre del editor, distribuidor, etc. Ediciones SM,
Fecha de publicación, distribución, etc 1992.
300 ## - DESCRIPCIÓN FÍSICA
Extensión 173 p. :
Otros detalles físicos il. ;
Dimensiones 19 cm.
490 1# - MENCIÓN DE SERIES
Mención de serie El barco de vapor
Volume/sequential designation 8
521 1# - TARGET AUDIENCE NOTE
Target audience note A partir de los 12 años
586 ## - AWARDS NOTE
Awards note Premio A. M. A. D. E.
700 12 - ASIENTO SECUNDARIO -- NOMBRE PERSONAL
Nombre personal Tello, A.
Mención de responsabilidad il.
700 12 - ASIENTO SECUNDARIO -- NOMBRE PERSONAL
Nombre personal Olasagasti, Manuel
Mención de responsabilidad trad.
700 12 - ASIENTO SECUNDARIO -- NOMBRE PERSONAL
Nombre personal Terzi, Marinella
Mención de responsabilidad dir.
830 #0 - ASIENTO SECUNDARIO DE SERIE--TÍTULO UNIFORME
Título uniforme Barco de vapor
Número de la parte o sección de una obra 8
Información miscelánea Roja
830 #0 - ASIENTO SECUNDARIO DE SERIE--TÍTULO UNIFORME
Título uniforme Roja
910 ## - VALIDACIÓN
Validación 202
942 ## - ADDED ENTRY ELEMENTS (KOHA)
Source of classification or shelving scheme Dewey Decimal Classification
Koha item type Libros
945 ## - INFORMACIÓN DE PROCESAMIENTO LOCAL
Información de procesamiento local Inventariado, 2018/ YL
956 ## - LOCAL ELECTRONIC LOCATION AND ACCESS (OCLC)
Nombre de host YLOCKWARD
Número de acceso 10
Información de compresión BPMSU
Existencias
Withdrawn status Lost status Source of classification or shelving scheme Damaged status Not for loan Collection code Home library Current library Date acquired Source of acquisition Total Checkouts Barcode Date last seen Price effective from Koha item type
    Dewey Decimal Classification     Colección Infantil General Biblioteca Pública Metropolitana Salomé Ureña Biblioteca Pública Metropolitana Salomé Ureña 10/22/2015 Donación   BPMSU15100154 10/22/2015 10/22/2015 Libros